000 00326nam a2200109Ia 4500
008 171211s9999 xx 000 0 und d
245 _aYour Brain on Food: How Chemicals Control Your Thoughts and Feelings
245 _cGary Wenk
260 _c2010
650 _xFITNESS
856 _uhttp://down.ebook777.com/062/0195388542.pdf
999 _c349062
_d349062